Darwin and Other Seriously Super Scientists / (Record no. 5231)

MARC details
000 -LEADER
fixed length control field 01138nam a22003017a 4500
001 - CONTROL NUMBER
control field 5231
003 - CONTROL NUMBER IDENTIFIER
control field FISKH
005 - DATE AND TIME OF LATEST TRANSACTION
control field 20241120124333.0
008 - FIXED-LENGTH DATA ELEMENTS--GENERAL INFORMATION
fixed length control field 241120b cb ||||| |||| 00| 0 eng d
020 ## - INTERNATIONAL STANDARD BOOK NUMBER
International Standard Book Number 9781407112138
040 ## - CATALOGING SOURCE
Original cataloging agency FISKH
Language of cataloging eng
Transcribing agency FISKH
Modifying agency FISKH
082 ## - DEWEY DECIMAL CLASSIFICATION NUMBER
Classification number 509.2
100 ## - MAIN ENTRY--PERSONAL NAME
Personal name Goldsmith, Mike
245 ## - TITLE STATEMENT
Title Darwin and Other Seriously Super Scientists /
Statement of responsibility, etc. by Dr. Mike Goldsmith
260 ## - PUBLICATION, DISTRIBUTION, ETC.
Place of publication, distribution, etc. New York :
Name of publisher, distributor, etc. Scholastic ;
Date of publication, distribution, etc. 2003 .
300 ## - PHYSICAL DESCRIPTION
Extent 191 pages :
Other physical details illustrations ;
Dimensions 21 cm .
490 ## - SERIES STATEMENT
Series statement Horribly Famous
505 ## - FORMATTED CONTENTS NOTE
Formatted contents note V <br/>
520 ## - SUMMARY, ETC.
Summary, etc. Not only did Darwin come up with the theory of evolution, but he also wrote a book about his pet worms! And Isaac Newton wasn't all that keen on science - sometimes it got on his nerves! Find out everything they ever wanted to know, and more, about their favourite seriously super scientists.
521 8# - TARGET AUDIENCE NOTE
Target audience note 850 <br/>
Source Lexile estimate <br/>
521 8# - TARGET AUDIENCE NOTE
Target audience note V <br/>
Source Raz-Plus <br/>
650 ## - SUBJECT ADDED ENTRY--TOPICAL TERM
Topical term or geographic name entry element biography
Form subdivision non-fiction
650 ## - SUBJECT ADDED ENTRY--TOPICAL TERM
Topical term or geographic name entry element childhood
Form subdivision non-fiction
650 ## - SUBJECT ADDED ENTRY--TOPICAL TERM
Topical term or geographic name entry element evolution
Form subdivision non-fiction
700 ## - ADDED ENTRY--PERSONAL NAME
Personal name Goddard, Clive
Relator term illustrator
942 ## - ADDED ENTRY ELEMENTS (KOHA)
Source of classification or shelving scheme Dewey Decimal Classification
Koha item type Books
Suppress in OPAC No
Holdings
Withdrawn status Lost status Source of classification or shelving scheme Damaged status Not for loan Collection Home library Current library Shelving location Date acquired Total Checkouts Full call number Barcode Date last seen Copy number Price effective from Koha item type
    Dewey Decimal Classification     Non-Fiction Footprints International School Library Network Toul Kork Campus Footprints International School Library Network Toul Kork Campus TTP Secondary Non-Fiction Bookshelves 11/20/2024   GOL 509.2 FIS05386 11/20/2024 1 11/20/2024 Books
    Dewey Decimal Classification     Non-Fiction Footprints International School Library Network Toul Kork Campus Footprints International School Library Network Toul Kork Campus TTP Secondary Non-Fiction Bookshelves 11/20/2024   GOL 509.2 FISSE00052 11/22/2024 2 11/20/2024 Books